000 00414nam a22001577a 4500
999 _c9020
_d9020
003 OSt
008 200715b ||||| |||| 00| 0 eng d
020 _a9788174734419
100 _aKumar, N
245 _aAnatomy Physiology And Health Education
250 _a2019
260 _aNew Delhi
_bAITBS Publishers and Distributors
_c2019
300 _a516
650 _aHuman Anatomy and Physiology
942 _2ddc
_cBK
_07